LEADER 00827nam a2200241 i 4500 001 000000069066 003 CaOOAMICUS 005 20240405153503.0 008 080709n it u000 u ita u 013 $a40238 040 $aSeMil$bita 245 10$aVolume primo. 300 $aXXXIV, 1259 p., [6] c. di tav., [2] c. di tav. ripiegate. 490 0 $aI millenni 500 $aFondo Ciprandi. 773 0 $aIbsen, Henrik <1828-1906>$tDrammi.$b3. edizione.$dTorino : Giulio Einaudi, copyr. 1959.$kMillenni$w()19781 830 2$aI millenni.$0(OLS)http://semarc/title/7877 850 $aSeMil 852 $aSeMil$W1$xVenegono$y1$m1W IV 165$j35219$B35219$CSeMilBibl$Z2$F35222 $81 941 1 $a1 961 $aOmaggio: Ciprandi dott. Paolo 996 $6245$aVolume primo$9(OLS)http://semarc/title/17661 LEADER 01074nam a2200277 i 4500 001 000000079367 003 CaOOAMICUS 005 20170516000000.0 008 170516s1982 it u000 u ita u 013 $a51604 020 $a88-215-0243-0 040 $aSeMil$bita 245 10$aNuovo dizionario di pedagogia /$ca cura di Giuseppe Flores d'Arcais. 260 $aRoma :$bPaoline,$c1982. 300 $aXXIII, 1341 p. ;$c22 cm. 490 0 $aI dizionari EP 500 $aIn custodia. 650 4$aPedagogia - Enciclopedie e dizionari.$0(OLS)http://semarc/subject/968 700 1 $aFlores d'Arcais, Giuseppe.$0(OLS)http://semarc/name/2165 830 2$aI dizionari EP.$0(OLS)http://semarc/title/6405 850 $aSeMil 852 $aSeMil$W1$xVenegono$y1$mSL1.M VI 25$j45095$B45095$CSeMilBibl$Z2$F46963 $8I 961 $aRecupero: Seminario di Seveso 996 $6020$a88-215-0243-0$9(OLS)http://semarc/number/60681 996 $6245$aNuovo dizionario di pedagogia$9(OLS)http://semarc/title/403366 996 $6260$aRoma :$bPaoline$9(OLS)http://semarc/publisher/29686